000
00372nam a2200133Ia 4500
008
151001s9999||||xx |||||||||||||| ||und||
100
_a
अरुणकुमार मुखेडकर
245
_a
पोलीस अन्वेषण
250
_a
1
260
_b
नाशिक लॉ हाऊस
260
_c
2005
300
_a
338
365
_b
21
999
_c
989346
_d
989343